Fundamentación filosófica de los derechos humanos /

Guardado en:
Bibliografiske detaljer
Hovedforfatter: Marlasca López, Antonio
Format: Texto
Fag:
Tags: Tilføj Tag
Ingen Tags, Vær først til at tagge denne postø!

MARC

LEADER 00000 a a2200000 04500
001 15503
003
040
100 |a Marlasca López, Antonio  
245 |a Fundamentación filosófica de los derechos humanos /  |c Antonio Marlasca López 
650 |a FILOSOFIA  
650 |a DERECHOS HUMANOS  
650 |a ETICA  
650 |a TEORIA  
773 |g volumen 36, número 90, EXTR; páginas 561-578  
999 |c 23624  |d 23624